Kassa Hungary : Orbántorony a Koronával

Zobrazenie: Pohľad v bielom orámovaní na park. V popredí je kvetinový záhon naaranžovaný do erbu s korunou. Vpravo v pozadí za záhonom je umelé jazierko. Vľavo vidno časť listnatého stromu. Vpravo v pozadí na okraji parku je vysoký listnatý strom a vľavo od neho nižší. V pozadí za parkom je vpravo U...

Full description

Bibliographic Details
Other Authors: Márton Jenő (fotograf) (Photographer)
Format: Postcard
Language:Hungarian
French
PhysicalDescription:1 pohľadnica čiernobiela 14 x 9 cm
Published: Budapest Lillafüred Margit fényképészet [medzi 1905 a 1945?]
Subjects:

MARC

LEADER 00000nkm a2200000 a 4500
001 vtls011871599
003 SK-MaSNL
005 20260512130526.0
007 kp bo
008 230706q1905 hu g kuhun
015 |a SNBG 
035 |a urn:nbn:sk:snk-km00dvnf 
035 |a urn:nbn:sk:snk-km3lsep 
035 |a 70C89F1B-3039-49CD-814F-13AD86F8A8D0 
040 |a SNK  |b slo  |c SNK  |e AACR2 
041 0 |a hun  |a fre 
043 |a e-xo--- 
044 |a hu  |c HU 
072 7 |a 913  |x Regionálna geografia  |2 konspekt 
080 |a 913(437.6)  |2 2011 
080 |a 712.253  |2 2011 
080 |a (084.121)  |2 2011 
080 |a 556.55  |2 2011 
080 |a 725/726.012.28  |2 2011 
080 |a 72  |2 2011 
100 1 |a Márton Jenő  |c (fotograf)  |4 pht  |9 345522 
245 1 0 |a Kassa  |h grafika  |b Hungary : Orbántorony a Koronával  |c Márton Jenő felvétele 
246 3 1 |a Kassa  |b Hongrie 
246 1 |i Názov a podnázov na obrazovej časti:  |a Kassa  |b Orbántorony a Koronával 
260 |a Budapest  |a Lillafüred  |b Margit fényképészet  |c [medzi 1905 a 1945?] 
300 |a 1 pohľadnica  |b čiernobiela  |c 14 x 9 cm 
520 8 |a Zobrazenie: Pohľad v bielom orámovaní na park. V popredí je kvetinový záhon naaranžovaný do erbu s korunou. Vpravo v pozadí za záhonom je umelé jazierko. Vľavo vidno časť listnatého stromu. Vpravo v pozadí na okraji parku je vysoký listnatý strom a vľavo od neho nižší. V pozadí za parkom je vpravo Urbanova veža. Vľavo v pozadí vidno rad budov 
546 |a Súbežný podnázov vo franc. 
650 0 7 |a parky  |2 SNKPH  |9 2942 
650 0 7 |a jazerá  |2 SNKPH  |9 19987 
650 0 7 |a veže  |2 SNKPH  |9 30797 
650 0 7 |a Urbanova veža (Košice, Slovensko)  |2 SNKPH  |9 93847 
651 7 |a Košice (Slovensko)  |2 SNKPHgeo  |9 18694 
752 |a Maďarsko  |d Budapešť 
852 |a Slovenská národná knižnica 
958 |a GBN 
958 |a ONDV 
958 |a GC 
999 |c 1204608  |d 1206538 
952 |a SNK  |b SNK  |y PREZ  |7 0  |p 17A1247942  |o snkSP 31691  |0 0  |1 0  |4 0  |d 2019-06-17  |f 1  |l 0  |r 2026-02-24 22:53:38  |w 2026-02-24